[Event "SC Hansa Dortmund 2 - SV Ahlen 1"]
[Site "Regionalliga 2017/2018"]
[Date "2017.12.10"]
[Round "4.7"]
[White "Dreesbach, Harald"]
[Black "Zelt, Jens"]
[Result "0-1"]
[WhiteElo "1772"]
[BlackElo "2033"]
[Annotator "Daniel"]
[PlyCount "122"]
[EventDate "2017.??.??"]

1. d4 d6 2. Nf3 c6 3. e3 Nd7 4. Bd3 e5 5. Nbd2 Ngf6 6. O-O Qc7 7. b3 Be7 8. Bb2
O-O 9. c4 Re8 10. Qc2 h6 11. Rfe1 Bf8 12. Rad1 b6 13. dxe5 dxe5 14. Ne4 Nxe4
15. Bxe4 Nc5 16. Nh4 Bg4 17. f3 Be6 18. Bh7+ Kh8 19. Bf5 Rad8 20. b4 Nd7 21. a3
a5 22. Bxe6 Rxe6 23. Bc3 axb4 24. axb4 Kg8 25. Nf5 g6 26. Ng3 Bg7 27. Rd2 Nf8
28. Red1 Red6 29. Kf2 R6d7 30. Qb2 f6 31. h4 h5 32. Ne4 Kh7 33. Qc2 $11 Kg8 34.
Qa2 Rxd2+ 35. Rxd2 Rxd2+ 36. Qxd2 Qd7 37. Qd6 Qxd6 38. Nxd6 Nd7 39. Ke2 Bf8 40.
Ne4 Kf7 41. Kd3 Ke6 42. Kc2 Be7 43. Nf2 f5 44. g3 f4 45. exf4 exf4 46. gxf4
Bxh4 47. Nh3 Bd8 48. Kd3 Kf5 49. Bd2 Nf8 50. Ke3 Ne6 51. Be1 $11 Bc7 52. Bh4
Nxf4 53. Bg3 Ng2+ 54. Kf2 Bxg3+ 55. Kxg3 Ne3 56. c5 b5 57. Nf2 Nd5 58. Nd3 g5
59. Kf2 Nf4 60. Ne1 Ke5 61. Ke3 Nd5+ 0-1

[Event "SC Hansa Dortmund 2 - SV Ahlen 1"]
[Site "Regionalliga 2017/2018"]
[Date "2017.12.10"]
[Round "4.8"]
[White "Dawid, Adalbert"]
[Black "Wagner, Ralf"]
[Result "1-0"]
[WhiteElo "1838"]
[BlackElo "1827"]
[Annotator "Daniel"]
[PlyCount "57"]
[EventDate "2017.??.??"]

1. d4 Nf6 2. c4 e6 3. Nf3 Bb4+ 4. Bd2 a5 5. a3 Bxd2+ 6. Nbxd2 d5 7. Qc2 Nc6 8.
e3 Nd7 9. Bd3 Qe7 10. O-O Nb6 11. cxd5 Nxd5 12. Rac1 h6 13. Rfe1 O-O 14. e4 Nf4
15. Bf1 Qf6 16. g3 Ng6 17. e5 Qd8 18. Qe4 Nge7 19. Bd3 g6 20. Qf4 Kh7 21. Ne4
Nd5 22. Nf6+ Nxf6 23. exf6 e5 $11 24. Nxe5 Nxd4 25. Nxg6 Nf3+ 26. Qxf3 fxg6 27.
Re7+ Kh8 28. Qe3 g5 29. Qe4 1-0

[Event "SK Sodingen/Castrop 1 - Oberhausener SV"]
[Site "Regionalliga 2017/2018"]
[Date "2017.12.10"]
[Round "4.1"]
[White "Nissen, Claus"]
[Black "Waldschmidt, Georg"]
[Result "1/2-1/2"]
[WhiteElo "2120"]
[BlackElo "2209"]
[PlyCount "40"]
[EventDate "2017.??.??"]

1. c4 e6 2. Nc3 d5 3. d4 c6 4. e4 Nf6 5. Bg5 dxe4 6. Nxe4 Bb4+ 7. Nc3 c5 8. Nf3
h6 9. Be3 O-O 10. Be2 Ng4 11. O-O cxd4 12. Bxd4 Nc6 13. a3 Be7 14. Ne4 Nxd4 15.
Nxd4 Nf6 16. Nc3 a6 17. b4 Qc7 18. Qb3 e5 19. Nc2 Be6 20. Ne3 Rac8 1/2-1/2

[Event "SK Sodingen/Castrop 1 - Oberhausener SV"]
[Site "Regionalliga 2017/2018"]
[Date "2017.12.10"]
[Round "4.2"]
[White "Boehnke, Martin"]
[Black "Joergens, Markus"]
[Result "1-0"]
[WhiteElo "2118"]
[BlackElo "2004"]
[PlyCount "87"]
[EventDate "2017.??.??"]

1. d4 d5 2. c4 e6 3. Nf3 c6 4. Nc3 dxc4 5. a4 Bb4 6. g3 b5 7. Bg2 Bb7 8. O-O a6
9. Ne5 Qc8 10. e4 Ne7 11. h4 Nd7 12. Ng4 O-O 13. Bg5 f6 14. Bf4 Ng6 15. Be3 f5
16. h5 Ne7 17. exf5 exf5 18. Ne5 Nxe5 19. dxe5 Rd8 20. Qc2 Bxc3 21. bxc3 Nd5
22. Bc5 f4 23. Be4 Qh3 24. Bxh7+ Kh8 25. Bf5 Qxh5 26. g4 Qh3 27. f3 Ne3 28.
Bxe3 fxe3 29. Qh2 Qxh2+ 30. Kxh2 Rd2+ 31. Kg3 Re8 32. Kf4 g5+ 33. Kxg5 Rxe5 34.
Kf6 Rdd5 35. Be6 Rxe6+ 36. Kxe6 e2 37. Rfe1 Bc8+ 38. Kf7 Rd7+ 39. Kf6 Rd3 40.
Rxe2 Rxf3+ 41. Kg6 Rf8 42. Rh1+ Kg8 43. Re7 Rd8 44. Rg7+ 1-0

[Event "SK Sodingen/Castrop 1 - Oberhausener SV"]
[Site "Regionalliga 2017/2018"]
[Date "2017.12.10"]
[Round "4.4"]
[White "Graw, Christopher"]
[Black "Limberg, Matthias"]
[Result "1-0"]
[WhiteElo "2163"]
[BlackElo "2055"]
[PlyCount "67"]
[EventDate "2017.??.??"]

1. Nf3 d5 2. b4 c6 3. e3 Nf6 4. Bb2 Bf5 5. c4 e6 6. b5 c5 7. Nc3 dxc4 8. Bxc4
Nbd7 9. O-O Rc8 10. h3 h6 11. Re1 Nb6 12. Bf1 Bd3 13. Bxd3 Qxd3 14. Ne5 Qd8 15.
a4 Bd6 16. Ng4 Be7 17. d3 O-O 18. a5 Nbd7 19. Qf3 Nxg4 20. hxg4 Qc7 21. Ne4 Ne5
22. Qe2 Ng6 23. Rec1 Qd7 24. d4 Qd5 25. Nxc5 Bxc5 26. dxc5 Rxc5 27. Rxc5 Qxc5
28. Bd4 Qb4 29. Bxa7 Rd8 30. a6 bxa6 31. bxa6 Rd2 32. Qe1 e5 33. Bc5 Qb2 34. a7
1-0

[Event "SK Sodingen/Castrop 1 - Oberhausener SV"]
[Site "Regionalliga 2017/2018"]
[Date "2017.12.10"]
[Round "4.5"]
[White "Weyh, Thomas"]
[Black "Hille, Ralph Ingo"]
[Result "0-1"]
[WhiteElo "1993"]
[BlackElo "2061"]
[PlyCount "82"]
[EventDate "2017.??.??"]

1. d4 b6 2. e4 Bb7 3. Bd3 Nf6 4. Nc3 e6 5. Nge2 d5 6. e5 Nfd7 7. Nf4 Qe7 8. Nb5
Kd8 9. a4 a6 10. Na3 c5 11. Nh3 cxd4 12. f4 Qh4+ 13. Kf1 f6 14. Bd2 Be7 15.
exf6 gxf6 16. Qe2 Nc5 17. Re1 Nbd7 18. Nf2 f5 19. g3 Qf6 20. b4 Ne4 21. Nb1 Rg8
22. Rg1 Qh6 23. Rg2 Ndf6 24. b5 a5 25. c3 Bc5 26. cxd4 Bxd4 27. Be3 Bc5 28.
Bxe4 Nxe4 29. Nxe4 fxe4 30. Qf2 Qf8 31. Nd2 Bxe3 32. Qxe3 Qc5 33. Nb3 Qxe3 34.
Rxe3 Rc8 35. Nd4 Ke7 36. f5 e5 37. f6+ Kxf6 38. Rf2+ Ke7 39. Nf5+ Ke6 40. h3 d4
41. Ra3 e3 0-1

[Event "SK Sodingen/Castrop 1 - Oberhausener SV"]
[Site "Regionalliga 2017/2018"]
[Date "2017.12.10"]
[Round "4.6"]
[White "Mueller, Frank"]
[Black "Groß, Thomas"]
[Result "1/2-1/2"]
[WhiteElo "2019"]
[BlackElo "1957"]
[PlyCount "63"]
[EventDate "2017.??.??"]

1. e4 c6 2. d4 d5 3. Nd2 dxe4 4. Nxe4 Nf6 5. Nxf6+ gxf6 6. c3 h5 7. Nf3 Bg4 8.
Bc4 e6 9. Be3 Nd7 10. Qd2 Nb6 11. Bd3 h4 12. h3 Bxf3 13. gxf3 Nd5 14. O-O-O
Nxe3 15. fxe3 Qd5 16. Kb1 Qxf3 17. Rdf1 Qg3 18. Rxf6 Bh6 19. Rhf1 Qxh3 20. R6f3
Qg4 21. Rxf7 O-O-O 22. Qc2 Rhf8 23. Qb3 Rxf7 24. Rxf7 Rd7 25. Rxd7 Kxd7 26.
Qxb7+ Kd8 27. Qb8+ Ke7 28. Qc7+ Kf8 29. Qd8+ Kf7 30. Qd7+ Kf8 31. Qd8+ Kf7 32.
Qd7+ 1/2-1/2

[Event "SK Sodingen/Castrop 1 - Oberhausener SV"]
[Site "Regionalliga 2017/2018"]
[Date "2017.12.10"]
[Round "4.7"]
[White "Stefaniak, Christian"]
[Black "Rohovoy, Dmitrij"]
[Result "1/2-1/2"]
[WhiteElo "1920"]
[BlackElo "1935"]
[PlyCount "33"]
[EventDate "2017.??.??"]

1. e4 c5 2. Nf3 Nc6 3. c3 d5 4. exd5 Qxd5 5. d4 e6 6. Be2 Nf6 7. O-O Be7 8. Be3
Ng4 9. Bc1 O-O 10. h3 Nf6 11. Be3 b6 12. dxc5 bxc5 13. Qc2 Qd8 14. Bg5 Bb7 15.
Rd1 Qc7 16. Na3 Rab8 17. Nb5 1/2-1/2

[Event "SK Sodingen/Castrop 1 - Oberhausener SV"]
[Site "Regionalliga 2017/2018"]
[Date "2017.12.10"]
[Round "4.8"]
[White "Ribbeheger, Edgar"]
[Black "Seibert, Michael"]
[Result "1-0"]
[WhiteElo "1974"]
[BlackElo "1929"]
[PlyCount "57"]
[EventDate "2017.??.??"]

1. c4 g6 2. Nc3 Bg7 3. g3 c5 4. Bg2 Nc6 5. Nf3 Nf6 6. O-O O-O 7. d3 e6 8. Bg5
h6 9. Bxf6 Qxf6 10. Rb1 b6 11. Nd2 Qe7 12. a3 Bb7 13. e3 d6 14. Qc2 h5 15. Nf3
Rad8 16. b4 cxb4 17. axb4 d5 18. Na2 d4 19. e4 Rc8 20. b5 Nb8 21. Qb2 Nd7 22.
Nb4 Nc5 23. Ra1 Nxe4 24. Rxa7 Nc5 25. Nd2 Ra8 26. Rfa1 Rxa7 27. Rxa7 Ra8 28.
Rxa8+ Bxa8 29. Bxa8 1-0

[Event "SF Werden - SV Kamen 2"]
[Site "?"]
[Date "2017.12.03"]
[Round "4.1"]
[White "Rumpf, Thomas"]
[Black "Roth, Markus"]
[Result "0-1"]
[WhiteElo "2006"]
[BlackElo "2143"]
[PlyCount "118"]

1. e4 e6 2. d4 d5 3. Nd2 Nc6 4. Ngf3 Nf6 5. e5 Nd7 6. Nb3 a5 7. a4 b6 8. Bb5
Ncb8 9. Bg5 Be7 10. Bxe7 Qxe7 11. O-O Ba6 12. Qd2 O-O 13. Rfe1 Bxb5 14. axb5 c6
15. bxc6 Nxc6 16. Nc1 a4 17. Nd3 b5 18. c3 Na5 19. Rab1 Nc4 20. Qf4 h6 21. Qg4
Kh8 22. Nf4 Rab8 23. Nh5 Rg8 24. Nf4 b4 25. h4 Nf8 26. cxb4 Rxb4 27. Nd3 Rb6
28. Ra1 Qa7 29. Ra2 Nd7 30. Rea1 Qb8 31. Rxa4 Nxb2 32. Nxb2 Rxb2 33. Qh5 Rb1+
34. Kh2 Rxa1 35. Rxa1 Rf8 36. Qg4 Nf6 37. Qf4 Ne4 38. Kg1 Nxf2 39. Rf1 Ne4 40.
h5 Qb4 41. Kh2 Kg8 42. Ra1 Qb8 43. Qc1 Rc8 44. Qa3 Kh7 45. Qe7 Rc7 46. Ra8 Rxe7
47. Rxb8 g6 48. hxg6+ fxg6 49. Rb6 g5 50. Ne1 Kg6 51. Nc2 g4 52. Ne3 Kg5 53. g3
Nd2 54. Rb8 h5 55. Rg8+ Kh6 56. Ng2 Nf3+ 57. Kh1 Kh7 58. Ra8 Rc7 59. Nf4 Rc2
0-1

[Event "SF Werden - SV Kamen 2"]
[Site "?"]
[Date "2017.12.03"]
[Round "4.2"]
[White "ter Steeg, Marcus"]
[Black "Koch, Marcel"]
[Result "1-0"]
[WhiteElo "2061"]
[BlackElo "1900"]
[PlyCount "73"]

1. d4 Nf6 2. c4 e6 3. Nf3 b6 4. g3 Bb7 5. Bg2 Be7 6. O-O O-O 7. Re1 d6 8. Qc2
Nbd7 9. Nc3 c5 10. d5 exd5 11. Nh4 Ne4 12. Nxd5 Bxd5 13. cxd5 Nxf2 14. Qf5 Bxh4
15. gxh4 Qxh4 16. Qxf2 Qe7 17. Bf4 f5 18. Qg3 Ne5 19. Bxe5 Qxe5 20. Qxe5 dxe5
21. e4 f4 22. Bh3 Rf6 23. Kf2 Kf7 24. Rg1 Rh6 25. Be6+ Kf6 26. h3 g5 27. Bf5
Rd8 28. b4 c4 29. b5 Rh4 30. Rac1 Rxd5 31. exd5 Kxf5 32. d6 Ke6 33. Rgd1 Kd7
34. Rxc4 Rxh3 35. Rc7+ Ke6 36. d7 Rh2+ 37. Kg1 1-0

[Event "SF Werden - SV Kamen 2"]
[Site "?"]
[Date "2017.12.03"]
[Round "4.3"]
[White "Traunecker, Thomas"]
[Black "Claussen, Uwe"]
[Result "0-1"]
[WhiteElo "1872"]
[BlackElo "2029"]
[PlyCount "70"]

1. d4 e6 2. e4 b6 3. c3 Bb7 4. Nd2 c5 5. Ngf3 cxd4 6. cxd4 Nf6 7. Bd3 d5 8. e5
Ne4 9. O-O Nxd2 10. Bxd2 Be7 11. Qa4+ Qd7 12. Qxd7+ Kxd7 13. Rac1 Ba6 14. Bxa6
Nxa6 15. Rc2 Rhc8 16. Rfc1 Rxc2 17. Rxc2 Rc8 18. Rxc8 Kxc8 19. Ng5 Bxg5 20.
Bxg5 Nb4 21. a3 Nc6 22. Be3 Kb7 23. Kf1 Ka6 24. Ke2 Kb5 25. Kd3 Ka4 26. Kc3 b5
27. Bc1 b4+ 28. axb4 Nxb4 29. b3+ Kb5 30. Ba3 Nc6 31. Bf8 g6 32. g4 a5 33. g5
a4 34. Bd6 axb3 35. Bc5 Ka4 0-1

[Event "SF Werden - SV Kamen 2"]
[Site "?"]
[Date "2017.12.03"]
[Round "4.4"]
[White "Hütte, Stefan"]
[Black "Schulze-Bergcamen, Stefan"]
[Result "1/2-1/2"]
[WhiteElo "1982"]
[BlackElo "1942"]
[PlyCount "38"]

1. d4 d5 2. Bg5 c6 3. c3 Bf5 4. e3 Qb6 5. Qc1 Nd7 6. f4 f6 7. Bh4 e5 8. fxe5
fxe5 9. Nf3 e4 10. Nfd2 Be7 11. Bxe7 Nxe7 12. c4 O-O 13. Nc3 Bg4 14. Be2 Bxe2
15. Nxe2 Nf5 16. Qc3 Nf6 17. h3 c5 18. O-O cxd4 19. exd4 Ne7 1/2-1/2

[Event "SF Werden - SV Kamen 2"]
[Site "?"]
[Date "2017.12.03"]
[Round "4.5"]
[White "Bals, Jochen"]
[Black "Rehfeldt, Jens"]
[Result "1/2-1/2"]
[WhiteElo "1855"]
[BlackElo "1961"]
[PlyCount "120"]

1. e4 c5 2. Nf3 e6 3. d3 d5 4. Nbd2 Nc6 5. g3 Be7 6. Bg2 Bd7 7. c3 Nf6 8. O-O
Qc7 9. a3 O-O 10. Re1 Rfe8 11. Qe2 d4 12. c4 e5 13. Nh4 g6 14. Rb1 Nh5 15. Nf5
Bf8 16. Nf1 Nd8 17. Nh6+ Kh8 18. h4 b5 19. b3 Rb8 20. Bd2 f6 21. Bf3 Bxh6 22.
Bxh6 Nf7 23. Bd2 Ng7 24. Nh2 Rb7 25. cxb5 Rxb5 26. Rec1 Qb7 27. b4 cxb4 28.
Rxb4 Rxb4 29. Bxb4 Bb5 30. Qd2 Qa6 31. Be2 f5 32. f3 Nd6 33. Kf2 fxe4 34. fxe4
Rf8+ 35. Nf3 Nh5 36. Bxd6 Qxd6 37. Qb4 Qxb4 38. axb4 Bd7 39. Kg2 Bg4 40. Nxd4
Bxe2 41. Nxe2 Rd8 42. Rc5 Rxd3 43. Rxe5 Rd2 44. Kf3 Rd3+ 45. Kg2 Rd2 46. Kf1
Rd1+ 47. Kf2 Nf6 48. Re7 Ng4+ 49. Kg2 Rd2 50. Kf3 h5 51. Rxa7 Rb2 52. Rb7 Ne5+
53. Ke3 Ng4+ 54. Kd3 Nf2+ 55. Ke3 Ng4+ 56. Kf3 Nh2+ 57. Kf2 Ng4+ 58. Ke1 Rb1+
59. Kd2 Rb2+ 60. Kd3 Nf2+ 1/2-1/2

[Event "SF Werden - SV Kamen 2"]
[Site "?"]
[Date "2017.12.03"]
[Round "4.6"]
[White "Bury, Tobias"]
[Black "Markert, Dirk"]
[Result "1/2-1/2"]
[WhiteElo "1894"]
[BlackElo "1886"]
[PlyCount "31"]

1. c4 e6 2. Nc3 d5 3. d4 c5 4. cxd5 exd5 5. Nf3 Nc6 6. dxc5 d4 7. Na4 Bxc5 8.
Nxc5 Qa5+ 9. Bd2 Qxc5 10. Rc1 Qb6 11. e3 Nf6 12. Qc2 O-O 13. Be2 Bg4 14. O-O
Rac8 15. Qb1 Rfe8 16. Rfe1 1/2-1/2

[Event "SF Werden - SV Kamen 2"]
[Site "?"]
[Date "2017.12.03"]
[Round "4.8"]
[White "Rother, Josef"]
[Black "Rotter, Chris"]
[Result "0-1"]
[WhiteElo "1849"]
[BlackElo "1636"]
[PlyCount "64"]

1. d4 d5 2. Bg5 g6 3. e3 Bg7 4. Nc3 Nf6 5. Nf3 O-O 6. Be2 Bg4 7. h3 Bxf3 8.
Bxf3 c6 9. O-O Nbd7 10. Bf4 Re8 11. e4 dxe4 12. Nxe4 Nxe4 13. Bxe4 e5 14. dxe5
Nxe5 15. c3 Nc4 16. Qc2 Qf6 17. Bg3 Nxb2 18. Qxb2 Rxe4 19. Qxb7 Ree8 20. Rae1
Qxc3 21. Rxe8+ Rxe8 22. Qxa7 Bd4 23. Qa6 Qxg3 24. Qxc6 Re2 25. Qc4 Bxf2+ 26.
Kh1 Re1 27. a4 Rxf1+ 28. Qxf1 Bb6 29. Qc4 Qe3 30. Kh2 Qe5+ 31. Kh1 Qe1+ 32. Kh2
Bg1+ 0-1

[Event "SV Bottrop 1 - SV Erkenschwick 2"]
[Site "Verbandsliga, Gruppe 1 2017/2"]
[Date "2017.12.03"]
[Round "4.1"]
[White "Trzaska, Peter"]
[Black "Stadtmann, Jens"]
[Result "1/2-1/2"]
[WhiteElo "2044"]
[BlackElo "2128"]
[PlyCount "31"]
[EventDate "2017.??.??"]

1. c4 c5 2. Nf3 Nf6 3. d4 cxd4 4. Nxd4 d6 5. Nc3 a6 6. Bg5 e6 7. g3 Nbd7 8. Bg2
Qa5 9. Bxf6 Nxf6 10. Qa4+ Qxa4 11. Nxa4 Nd7 12. O-O-O Ra7 13. Nc3 b6 14. b3 Rc7
15. Kb2 Bb7 16. Bxb7 1/2-1/2

[Event "SV Bottrop 1 - SV Erkenschwick 2"]
[Site "Verbandsliga, Gruppe 1 2017/2"]
[Date "2017.12.03"]
[Round "4.2"]
[White "Mohrholz, Uwe"]
[Black "Schulze Bisping, Franz-Adolf"]
[Result "1/2-1/2"]
[WhiteElo "2018"]
[BlackElo "1894"]
[Annotator "Daniel"]
[PlyCount "103"]
[EventDate "2017.??.??"]

1. f4 d5 2. Nf3 g6 3. e3 Bg7 4. d4 Nf6 5. Be2 O-O 6. O-O b6 7. c3 Ba6 8. Bxa6
Nxa6 9. Ne5 c5 10. Bd2 Ne4 11. Be1 f6 12. Nf3 Nc7 13. Nbd2 Nxd2 14. Qxd2 c4 15.
g4 Nb5 16. Qg2 Nd6 17. Nd2 e6 18. e4 dxe4 19. Nxe4 Nxe4 20. Qxe4 Qd5 21. Qxd5
exd5 22. f5 Rfe8 23. Bg3 Re4 24. h3 Re2 25. Rf2 Rae8 26. fxg6 hxg6 27. Raf1
R8e3 28. Rxe2 Rxe2 29. Rf2 Rxf2 30. Kxf2 Bh6 31. Ke2 Bc1 32. b3 b5 33. Bb8 a6
34. Bd6 Kf7 35. bxc4 bxc4 36. a4 Ke6 37. Bb4 Bg5 38. Kf3 Bh4 39. Kf4 Be1 40.
Kf3 Kf7 41. Ke2 $11 Bh4 42. Kf3 Kg7 43. Bd6 Be1 44. Bb4 Kh6 45. Bf8+ Kg5 46.
Bb4 Kh4 47. Kg2 Bd2 48. Ba5 Bf4 49. Bd8 Kg5 50. Kf3 Bd2 51. Ba5 Kh4 52. Kg2
1/2-1/2

[Event "SV Bottrop 1 - SV Erkenschwick 2"]
[Site "Verbandsliga, Gruppe 1 2017/2"]
[Date "2017.12.03"]
[Round "4.3"]
[White "Broszeit, Peter"]
[Black "Nowak, Steven"]
[Result "1/2-1/2"]
[WhiteElo "1867"]
[BlackElo "1978"]
[PlyCount "29"]
[EventDate "2017.??.??"]

1. e4 d5 2. Nc3 dxe4 3. Nxe4 Bf5 4. Ng3 Bg6 5. d4 Nf6 6. Nf3 Nbd7 7. Bd3 Bxd3
8. Qxd3 e6 9. O-O Be7 10. Bg5 O-O 11. Rad1 c5 12. dxc5 Nxc5 13. Qb5 Qc8 14. c3
a6 15. Qe2 1/2-1/2

[Event "SV Bottrop 1 - SV Erkenschwick 2"]
[Site "Verbandsliga, Gruppe 1 2017/2"]
[Date "2017.12.03"]
[Round "4.4"]
[White "Masberg, Stefan"]
[Black "Jungbluth, Rolf"]
[Result "0-1"]
[WhiteElo "1938"]
[BlackElo "1869"]
[Annotator "Daniel"]
[PlyCount "100"]
[EventDate "2017.??.??"]

1. e4 c5 2. Nf3 Nc6 3. d4 cxd4 4. Nxd4 Nf6 5. Nc3 e5 6. Ndb5 d6 7. Bg5 a6 8.
Na3 b5 9. Nd5 Be7 10. Bxf6 Bxf6 11. c3 O-O 12. Nc2 Rb8 13. Qf3 Be6 14. Ncb4
Nxb4 15. Nxb4 Qc8 16. Be2 a5 17. Nd5 Bxd5 18. exd5 Be7 19. h4 f5 20. O-O-O Bf6
21. Qg3 Kh8 22. Kb1 Qc7 23. Qh3 a4 24. a3 e4 25. f4 Qc5 26. g4 fxg4 27. Bxg4
Rfe8 28. Be6 $11 Qc4 29. Rhe1 Qb3 30. Qe3 b4 31. axb4 a3 32. Qc1 Re7 33. Re2
Qc4 34. Qc2 axb2 35. Rxe4 Qa6 36. Qxb2 Rc7 37. Rc1 Rc4 38. Qe2 Rbxb4+ 39. Kc2
Qa4+ 40. Kd3 Qa6 41. Rxc4 Qxc4+ 42. Ke3 Qxf4+ 43. Kd3 Qc4+ 44. Ke3 Qe4+ 45. Kf2
Bxh4+ 46. Kf1 Qf4+ 47. Kg2 Qg5+ 48. Kh2 Bg3+ 49. Kg2 Be5+ 50. Kf2 Qg3+ 0-1

[Event "SV Bottrop 1 - SV Erkenschwick 2"]
[Site "Verbandsliga, Gruppe 1 2017/2"]
[Date "2017.12.03"]
[Round "4.5"]
[White "Broksch, Dirk"]
[Black "Gierse, Heinz-Dieter"]
[Result "1-0"]
[WhiteElo "1851"]
[BlackElo "1945"]
[PlyCount "65"]
[EventDate "2017.??.??"]

1. d4 Nf6 2. Nf3 g6 3. Bf4 Bg7 4. h3 O-O 5. e3 c5 6. c3 d6 7. Be2 Qb6 8. Qb3
Qxb3 9. axb3 Nc6 10. Nbd2 h6 11. O-O b6 12. Ra3 Bb7 13. Rfa1 Nd5 14. Bg3 Nc7
15. Bd3 Rac8 16. dxc5 bxc5 17. Nc4 Rb8 18. Nfd2 Ne5 19. Nxe5 dxe5 20. Bc4 a6
21. Ra5 Nb5 22. Bxb5 axb5 23. Rxb5 Rfd8 24. Nc4 Bd5 25. Raa5 f6 26. f3 Bf8 27.
e4 Bf7 28. Kh2 e6 29. Bf2 Be8 30. Rxb8 Rxb8 31. Bxc5 Bxc5 32. Rxc5 Rxb3 33. Rc8
1-0

[Event "SV Bottrop 1 - SV Erkenschwick 2"]
[Site "Verbandsliga, Gruppe 1 2017/2"]
[Date "2017.12.03"]
[Round "4.6"]
[White "Franck, Rudolf"]
[Black "Strohmann, Marcel"]
[Result "1-0"]
[WhiteElo "1968"]
[BlackElo "1836"]
[PlyCount "63"]
[EventDate "2017.??.??"]

1. d4 Nf6 2. c4 g6 3. Nc3 Bg7 4. e4 d6 5. f4 O-O 6. Nf3 c5 7. dxc5 dxc5 8. Qxd8
Rxd8 9. e5 Ne8 10. Be3 b6 11. Nd5 Nc6 12. O-O-O Bf5 13. Be2 e6 14. Nc3 Nb4 15.
a3 Nd3+ 16. Bxd3 Bxd3 17. b3 Rd7 18. Rd2 Rad8 19. Rhd1 f6 20. Ne4 fxe5 21. Nxe5
Bxe4 22. Rxd7 Rxd7 23. Rxd7 Bxg2 24. Rxa7 Nd6 25. Rd7 Nf5 26. Rd8+ Bf8 27. Bf2
Kg7 28. Rd7+ Kg8 29. Rd8 Kg7 30. Re8 Nd4 31. Bxd4 cxd4 32. b4 1-0

[Event "SV Bottrop 1 - SV Erkenschwick 2"]
[Site "Verbandsliga, Gruppe 1 2017/2"]
[Date "2017.12.03"]
[Round "4.7"]
[White "Mathea, Marc"]
[Black "Jaeger, Heinz"]
[Result "0-1"]
[WhiteElo "1823"]
[BlackElo "1951"]
[PlyCount "46"]
[EventDate "2017.??.??"]

1. e4 g6 2. d4 d6 3. c4 Bg7 4. Nc3 Nc6 5. Be3 e5 6. Nge2 f5 7. d5 Nce7 8. f3 b6
9. b4 Nf6 10. c5 O-O 11. Nc1 fxe4 12. fxe4 Ng4 13. Bg1 bxc5 14. bxc5 Rb8 15.
Be2 h5 16. h3 Nf6 17. Qd2 Rb4 18. Bf3 Ba6 19. a3 Nxe4 20. Nxe4 Rxe4+ 21. Kd1
Ra4 22. Ra2 Nf5 23. Qe1 Bh6 0-1

[Event "SV Bottrop 1 - SV Erkenschwick 2"]
[Site "Verbandsliga, Gruppe 1 2017/2"]
[Date "2017.12.03"]
[Round "4.8"]
[White "Tochtrop, Lothar"]
[Black "Stoetzel, Martin"]
[Result "1-0"]
[WhiteElo "1843"]
[BlackElo "1751"]
[PlyCount "57"]
[EventDate "2017.??.??"]

1. e4 c5 2. Nf3 e6 3. d4 cxd4 4. Nxd4 Nc6 5. Nc3 Qc7 6. Be3 a6 7. Be2 Nf6 8.
O-O Bb4 9. Nxc6 bxc6 10. Na4 d5 11. exd5 cxd5 12. g3 O-O 13. a3 Be7 14. Rc1 e5
15. c3 Bb7 16. b4 Rad8 17. Bb6 Qc6 18. Bxd8 Rxd8 19. Bf3 Ne4 20. Nb2 Qf6 21.
Bg2 a5 22. Qe2 axb4 23. cxb4 Ra8 24. Rc7 Nd6 25. a4 Bd8 26. Rxb7 Nxb7 27. Bxd5
Rb8 28. Qb5 Qe7 29. a5 1-0

[Event "SV Mülheim-Nord 4 - SK Sodingen/Castrop"]
[Site "Verbandsliga, Gruppe 1 2017/2"]
[Date "2017.12.03"]
[Round "4.1"]
[White "Ribbeheger, Edgar"]
[Black "Sokalskaja, Elena"]
[Result "1-0"]
[WhiteElo "2015"]
[BlackElo "1959"]
[PlyCount "143"]
[EventDate "2017.??.??"]

1. c4 Nf6 2. Nc3 d5 3. cxd5 Nxd5 4. g3 g6 5. Bg2 Nxc3 6. bxc3 Bg7 7. Nf3 O-O 8.
O-O c5 9. Rb1 Nc6 10. Qa4 Qa5 11. Qxa5 Nxa5 12. Ba3 b6 13. d3 Bxc3 14. Rfc1 Bf6
15. Nd2 Bb7 16. Bxc5 Bxg2 17. Kxg2 Rac8 18. Bb4 Nc6 19. Ba3 Rfd8 20. Ne4 Kg7
21. Nxf6 exf6 22. Bb2 Ne5 23. h3 Kf8 24. f4 Nd7 25. Kf3 Ke8 26. Ba3 f5 27. g4
Nf8 28. gxf5 gxf5 29. Rxc8 Rxc8 30. Rc1 Rxc1 31. Bxc1 Ne6 32. e4 Nd4+ 33. Ke3
Nc2+ 34. Kd2 Nd4 35. Bb2 Nf3+ 36. Ke3 Nh4 37. Bf6 Ng6 38. exf5 Nf8 39. Ke4 Nd7
40. Bd4 Ke7 41. Kd5 Nb8 42. Be5 Nd7 43. Kc6 Kd8 44. Bc7+ Kc8 45. d4 b5 46. Bd6
a6 47. Be7 Nb8+ 48. Kb6 Kd7 49. Bf6 Nc6 50. a3 Kd6 51. Kxa6 b4 52. axb4 Nxb4+
53. Kb5 Nd3 54. Kc4 Nb2+ 55. Kc3 Nd1+ 56. Kd2 Nf2 57. Ke3 Nd1+ 58. Kf3 Kd5 59.
Be5 Nc3 60. Kg4 Ne4 61. f6 Nf2+ 62. Kf3 Ne4 63. h4 Nc3 64. Kg4 Ne2 65. Kh5 Ng3+
66. Kh6 Nf5+ 67. Kxh7 Nxh4 68. Kg7 Ke6 69. d5+ Kxd5 70. Kxf7 Ke4 71. Ke8 Ng6
72. f7 1-0

[Event "SV Mülheim-Nord 4 - SK Sodingen/Castrop"]
[Site "Verbandsliga, Gruppe 1 2017/2"]
[Date "2017.12.03"]
[Round "4.2"]
[White "Sokalska, Viktorija"]
[Black "Haberhausen, Ansgar"]
[Result "0-1"]
[WhiteElo "1921"]
[BlackElo "2023"]
[PlyCount "120"]
[EventDate "2017.??.??"]

1. e4 c6 2. d4 d5 3. exd5 cxd5 4. Bd3 Nf6 5. h3 e6 6. Nf3 Bd6 7. O-O O-O 8. Bg5
Nbd7 9. c3 b6 10. Re1 Qc7 11. Nbd2 h6 12. Bh4 g5 13. Nxg5 hxg5 14. Bxg5 Bf4 15.
Bxf4 Qxf4 16. Re3 Rd8 17. Qe2 Kf8 18. Rf3 Qh6 19. g4 Ke7 20. Re1 Rg8 21. Rg3
Bb7 22. Kh2 Rg7 23. Nf3 Nxg4+ 24. Kg2 Ngf6 25. h4 Nh5 26. Kh2 Qf4 27. Reg1 Rh8
28. Kh3 Qxh4+ 29. Kg2 Nf4+ 30. Kf1 Nxe2 31. Nxh4 Nxg3+ 32. fxg3 Nf6 33. Nf3 Ne4
34. g4 Rh3 35. Ke2 Rg3 36. Rh1 Rg2+ 37. Ke1 R2xg4 38. Rh8 Rf4 39. Be2 Ng3 40.
Bd1 Nf5 41. Kf2 Nd6 42. Ke3 Re4+ 43. Kf2 Reg4 44. Nh4 Ne4+ 45. Kf3 Rg3+ 46. Kf4
Rg1 47. Be2 Re1 48. Bb5 Nd6 49. Bd3 Rd1 50. Be2 Rd2 51. Bf3 Rxb2 52. a4 Rb3 53.
a5 bxa5 54. Bh1 a4 55. c4 dxc4 56. d5 c3 57. dxe6 c2 58. Ng6+ fxg6 59. Ke5 c1=Q
60. Be4 Rb5+ 0-1

[Event "SV Mülheim-Nord 4 - SK Sodingen/Castrop"]
[Site "Verbandsliga, Gruppe 1 2017/2"]
[Date "2017.12.03"]
[Round "4.3"]
[White "Foerster, Wolfgang"]
[Black "Schmidt, Kevin"]
[Result "1/2-1/2"]
[WhiteElo "1956"]
[BlackElo "1890"]
[PlyCount "49"]
[EventDate "2017.??.??"]

1. e4 e5 2. Nc3 Nc6 3. g3 Nf6 4. Bg2 Bc5 5. d3 d6 6. h3 Bd7 7. Nge2 a6 8. Nd5
Nxd5 9. exd5 Ne7 10. d4 exd4 11. Nxd4 O-O 12. O-O Nf5 13. Nxf5 Bxf5 14. Be3
Bxe3 15. fxe3 Qg5 16. Qf3 Bxc2 17. Rac1 Bg6 18. Rxc7 Rae8 19. Qf4 Qxf4 20. exf4
Rb8 21. Re1 Rfc8 22. Ree7 Rxc7 23. Rxc7 Bf5 24. g4 Bc8 25. b4 1/2-1/2

[Event "SV Mülheim-Nord 4 - SK Sodingen/Castrop"]
[Site "Verbandsliga, Gruppe 1 2017/2"]
[Date "2017.12.03"]
[Round "4.4"]
[White "Kremer, Moritz"]
[Black "Schriewer, Thomas"]
[Result "1/2-1/2"]
[WhiteElo "1857"]
[BlackElo "1916"]
[PlyCount "129"]
[EventDate "2017.??.??"]

1. Nf3 d5 2. g3 Nf6 3. Bg2 c6 4. O-O Bg4 5. d3 Nbd7 6. c3 e5 7. Qc2 Be7 8. Nbd2
O-O 9. h3 Bh5 10. g4 Bg6 11. Nh4 Ne8 12. Nxg6 fxg6 13. Nb3 a5 14. a4 Kh8 15. e4
Ndf6 16. Be3 b6 17. d4 exd4 18. Nxd4 Qc8 19. Ne2 Bd8 20. exd5 Nxd5 21. Bxd5
cxd5 22. Qd3 Nf6 23. Bf4 Bc7 24. Bxc7 Qxc7 25. Ng3 Rad8 26. Rfe1 Qf4 27. Qe3
Nd7 28. Qxf4 Rxf4 29. Ne2 Re4 30. Nd4 Rde8 31. Rxe4 Rxe4 32. Rd1 Nf6 33. b4 h6
34. bxa5 bxa5 35. Rb1 Re8 36. Rb5 Rc8 37. Ne2 Ne4 38. Rxd5 Nxc3 39. Nxc3 Rxc3
40. Kg2 Ra3 41. Rxa5 g5 42. Ra8+ Kh7 43. a5 Kg6 44. a6 Kf7 45. a7 Kg6 46. Kf1
Kh7 47. Ke2 Kg6 48. Kd2 Kh7 49. Kc2 Kg6 50. Kb2 Ra6 51. Kb3 Ra1 52. Kc4 Rc1+
53. Kd5 Rd1+ 54. Ke6 Re1+ 55. Kd7 Ra1 56. Ke7 Ra6 57. Ke8 Ra4 58. Kf8 Kh7 59.
Kf7 Rf4+ 60. Ke6 Ra4 61. Ke5 Ra5+ 62. Ke4 Ra4+ 63. Kf3 Rf4+ 64. Kg3 Ra4 65. h4
1/2-1/2